El caracter porteño. /
Guardado en:
| Autor Principal: | |
|---|---|
| Formato: | Libro |
| Publicado: |
Buenos Aires :
Centro Editor de America Latina,
1970
|
| Materias: | |
| Etiquetas: |
Agregar Etiqueta
Sin Etiquetas, Sea el primero en etiquetar este registro!
|
| LEADER | 00961nam a22002055a 4500 | ||
|---|---|---|---|
| 001 | CEM.cems001459 | ||
| 005 | 20060214000000.0 | ||
| 008 | 130507s1970##################000#0#####d | ||
| 003 | CEMS | ||
| 082 | 0 | 4 | |a 309.182 |
| 100 | 1 | |a Casadevall, Domingo F. | |
| 245 | 1 | 0 | |a El caracter porteño. / |
| 260 | |a Buenos Aires : |b Centro Editor de America Latina, |c 1970 | ||
| 300 | |a 114 p. | ||
| 505 | 0 | |a El mal argentino;Los signos de la salud;El descreimiento;La frustracion; El aislamiento;La censura;El desarraigo;El populismo;Un modelo argentino: superar las dicotomias;La nocion de modelo;Universalismo arraigado; Lo vernaculo y lo europeo;El poder caudilllesco y el intelectualista; La patria como sentimiento;El fracaso como desafio;Epilogo sarmientino | |
| 653 | |a Historia de la cultura argenti | ||
| 653 | |a Ser nacional-argentina | ||
| 653 | |a Sociologia argentina | ||
| 653 | |a Sociologia del porteño | ||
| 859 | |a CEMS |b BIB. CEMS - 11 de abril |h 309.182 |i C261 |p 15546.89 |t Ej.1 | ||
